ՀՀ Գիտությունների ազգային ակադեմիայի հիմնարար գիտական գրադարան  =   Fundamental Scientific Library of NAS RA

Պասկալ լեզվով ծրագրերի կատարումը ՄՀ ԷՀՄ-ի օգնությամբ : (Record no. 12483)

MARC details
000 -LEADER
fixed length control field 00903-am-a2200241-a-4500
001 - CONTROL NUMBER
control field 000028355
003 - CONTROL NUMBER IDENTIFIER
control field AM-YEHGA
005 - DATE AND TIME OF LATEST TRANSACTION
control field 20250618070919.0
008 - FIXED-LENGTH DATA ELEMENTS--GENERAL INFORMATION
fixed length control field 980429s1984 xxuai 0 0 arm u arm
020 ## - INTERNATIONAL STANDARD BOOK NUMBER
Terms of availability 00.10
040 ## - CATALOGING SOURCE
Original cataloging agency AM-YeHGA
041 0# - LANGUAGE CODE
Language code of text/sound track or separate title arm
090 ## - LOCALLY ASSIGNED LC-TYPE CALL NUMBER (OCLC); LOCAL CALL NUMBER (RLIN)
-- 12580
100 1# - MAIN ENTRY--PERSONAL NAME
Personal name Խաչատրյան, Վլադիմիր Երվանդի
245 10 - TITLE STATEMENT
Title Պասկալ լեզվով ծրագրերի կատարումը ՄՀ ԷՀՄ-ի օգնությամբ :
Remainder of title (Մեթոդական ցուցումներ) /
Statement of responsibility, etc. Վ.Ե. Խաչատրյան, Լ.Ռ. Հայրապետյան, Գ.Գ. Աբրահամյան.
260 0# - PUBLICATION, DISTRIBUTION, ETC.
Place of publication, distribution, etc. Եր. :
Name of publisher, distributor, etc. ԵՊՀ,
Date of publication, distribution, etc. 1984.
300 ## - PHYSICAL DESCRIPTION
Extent 28 էջ
650 14 - SUBJECT ADDED ENTRY--TOPICAL TERM
Topical term or geographic name entry element Ծրագրավորում
650 14 - SUBJECT ADDED ENTRY--TOPICAL TERM
Topical term or geographic name entry element Պասկալ լեզու
700 1# - ADDED ENTRY--PERSONAL NAME
Personal name Հայրապետյան, Լևոն Ռուբենի,
Dates associated with a name 1954-
9 (RLIN) 2290
700 1# - ADDED ENTRY--PERSONAL NAME
Personal name Աբրահամյան, Գրիգոր Հրաչի,
Dates associated with a name 1956-
942 ## - ADDED ENTRY ELEMENTS (KOHA)
Source of classification or shelving scheme Universal Decimal Classification
Koha item type Գրքեր / Books
Holdings
Withdrawn status Lost status Source of classification or shelving scheme Damaged status Not for loan Home library Current library Date acquired Total checkouts Full call number Barcode Date last seen Price effective from Koha item type Public note
    Universal Decimal Classification     Fundamental Scientific Library Fundamental Scientific Library 21/12/2016   AII/70943 220070943 21/12/2016 21/12/2016 Գրքեր / Books 30 Days Loan
    Universal Decimal Classification     Fundamental Scientific Library Fundamental Scientific Library 21/12/2016   AII/71108 220071108 21/12/2016 21/12/2016 Գրքեր / Books 30 Days Loan


ՀՀ ԳԱԱ հիմնարար գիտական գրադարան
ՀՀ,Երևան 0019
Մարշալ Բաղրամյան 24/6
հեռախոս:(374-10) 52-47-50
Հետադարձ կապ

All site content, except where otherwise noted, is licensed under a
Creative Commons License